000 01520nam0a2200361 4500
001 RU\NLR\BIBL_A\011795560
005 20180927161257.0
010 _a978-5-358-21351-7
_93000
021 _aRU
_bКН-П-18-060428
_9КН-П-18-4346
035 _a(NLR Aleph) 011795560
035 _a(RuMoRGB)009720544
090 _a11845114
_c11845114
100 _a20180919d2019 u y0rusy50 ca
101 0 _arus
102 _aRU
105 _aa j 000zy
200 1 _aХимия
_e9 класс
_eучебник-навигатор
_e[к книге прилагается CD-ROM]
_fО. С. Габриелян, И. Г. Остроумов, С. А. Сладков
205 _a6-е изд., стер.
210 _aМосква
_cДрофа
_d2019 [т.е. 2018]
215 _a158, [1] с.
_cцв. ил.
_d24
225 1 _aРоссийский учебник
_eРУ
300 _aФактическая дата выхода в свет - 2018
309 _aCD отсутст.
606 1 _aХимия
_jУчебники для средней школы
_9898913
_3RU\NLR\AUTH\666296
686 1 _aГ1я721-1
700 1 _7ca
_8rus
_aГабриелян
_bО. С.
_cканд. пед. наук
_gОлег Сергеевич
_9115027
_3RU\NLR\AUTH\775057
701 1 _aОстроумов
_bИ. Г.
_gИгорь Геннадьевич
701 1 _aСладков
_bС. А.
_gСергей Анатольевич
942 _cBOOK
980 _aNBR
980 _aNB